El barco de teseo (Record no. 3)
[ view plain ]
| 000 -LEADER | |
|---|---|
| campo de control de longitud fija | 00629nam a22001817i 4500 |
| 001 - NÚMERO DE CONTROL | |
| campo de control | 2707 |
| 003 - IDENTIFICADOR DE NÚMERO DE CONTROL | |
| campo de control | OSt |
| 005 - FECHA Y HORA DE LA ÚLTIMA TRANSACCIÓN | |
| campo de control | 20250730094615.0 |
| 008 - DATOS DE LONGITUD FIJA--INFORMACIÓN GENERAL | |
| campo de control de longitud fija | 250725b |||||||| |||| 00| 0 eng d |
| 040 ## - FUENTE DE CATALOGACIÓN | |
| Centro/agencia transcriptor | Biblioteca de ejemplo |
| 100 ## - ENTRADA PRINCIPAL--NOMBRE DE PERSONA | |
| Nombre de persona | Nettel Suárez, Guadalupe |
| 9 (RLIN) | 1 |
| Término indicativo de función/relación | autora |
| -- | ilustradora |
| 245 ## - MENCIÓN DEL TÍTULO | |
| Título | El barco de teseo |
| Resto del título | : una gran aventura |
| Mención de responsabilidad, etc. | / Guadalupe Nettel y Adolfo Castellano |
| 260 ## - PUBLICACIÓN, DISTRIBUCIÓN, ETC. | |
| Lugar de publicación, distribución, etc. | Madrid |
| Nombre del editor, distribuidor, etc. | Anagrama |
| Fecha de publicación, distribución, etc. | 2023 |
| 650 #0 - PUNTO DE ACCESO ADICIONAL DE MATERIA--TÉRMINO DE MATERIA | |
| Término de materia o nombre geográfico como elemento de entrada | Aventuras |
| 9 (RLIN) | 6 |
| 700 ## - ENTRADA AGREGADA--NOMBRE PERSONAL | |
| Nombre de persona | Castellano Pérez, Adolfo |
| 9 (RLIN) | 5 |
| 856 ## - LOCALIZACIÓN Y ACCESO ELECTRÓNICOS | |
| Identificador Uniforme de Recurso | <a href="https://redc.revistas.csic.es/index.php/redc/article/view/630/705">https://redc.revistas.csic.es/index.php/redc/article/view/630/705</a> |
| Texto de enlace | Consulta libre en este enlace |
| Nota pública | (Open Access) |
| 942 ## - ELEMENTOS DE ENTRADA SECUNDARIOS (KOHA) | |
| Fuente de la clasificación o esquema de estantería | Clasificación Decimal Dewey |
| Tipo de ítem Koha | Monografías |
| Suprimir en OPAC | No |
| Estatus retirado | Estado de pérdida | Fuente de la clasificación o esquema de estantería | Estado de daño | No para préstamo | Biblioteca de origen | Biblioteca actual | Fecha de adquisición | Total de préstamos | Signatura topográfica completa | Código de barras | Visto por última vez | Fecha del último préstamo | Precio de reemplazo | Tipo de ítem Koha |
|---|---|---|---|---|---|---|---|---|---|---|---|---|---|---|
| Clasificación Decimal Dewey | Centerville | Centerville | 25/07/2025 | 6 | VGa-136 | 009704 | 08/08/2025 | 08/08/2025 | 25/07/2025 | Monografías |